Personality of a Teacher as a Motivational Factor in the Physical Education Teaching at Primary School

Úloha učiteľa telesnej výchovy ako významného motivačného faktora vo vyučovacom procese telesnej výchovy na základných školách. Vzájomné pôsobenie učiteľa a študenta na hodinách telesnej výchovy na ZŠ na Slovensku, obzvlášť v regióne Nitra. Personálne kvality učiteľa a jeho autorita a popularita med...

Descrizione completa

Salvato in:
Dettagli Bibliografici
Autore principale: Chebeň, Dušan
Altri autori: Chebeň, Juraj
Natura: Capitolo di libro
Lingua:inglese
Soggetti:
Tags: Aggiungi Tag
Nessun Tag, puoi essere il primo ad aggiungerne!!

MARC

LEADER 00000naa$a2200000$$$4500
001 0059268
005 20240502083141.7
041 0 |a eng 
044 |a RO 
245 1 0 |a Personality of a Teacher as a Motivational Factor in the Physical Education Teaching at Primary School  |c Dušan Chebeň, Juraj Chebeň 
520 |a Úloha učiteľa telesnej výchovy ako významného motivačného faktora vo vyučovacom procese telesnej výchovy na základných školách. Vzájomné pôsobenie učiteľa a študenta na hodinách telesnej výchovy na ZŠ na Slovensku, obzvlášť v regióne Nitra. Personálne kvality učiteľa a jeho autorita a popularita medzi študentami. 
610 2 0 |a telovýchova 
610 2 0 |a učitelia 
610 2 0 |a motivácia 
610 2 0 |a študenti 
610 2 0 |a školy základné 
610 2 0 |a Slovensko 
100 1 |a Chebeň, Dušan 
700 1 |a Chebeň, Juraj